[Event "London Classic Open 2014"]
[Site "London ENG"]
[Date "2014.12.12"]
[Round "5.76"]
[White "Woong, Zhi Wei William"]
[Black "Pattni, Kishan"]
[Result "1-0"]
[WhiteElo "1912"]
[BlackElo "1716"]
[WhiteFideId "5804906"]
[BlackFideId "420751"]
[EventDate "2014.12.08"]

1. e4 c6 2. d4 d5 3. exd5 cxd5 4. Bd3 Nf6 5. c3 Nc6 6. Bf4 e6 7. Nf3 Bd6 8. Bxd6
Qxd6 9. O-O h6 10. Re1 Nd7 11. Bc2 b6 12. Qd3 a5 13. Ne5 Ncxe5 14. dxe5 Qe7 15.
a4 Ba6 16. Qd4 Qc5 17. Qg4 O-O-O 18. Nd2 Qe7 19. b4 Qg5 20. Qd4 Kb8 21. bxa5
bxa5 22. Nb3 Rc8 23. Nxa5 Rc5 24. f4 Qd8 25. Qxc5 Nxc5 26. Nc6+ Ka8 27. Nxd8
Rxd8 28. Red1 Bc4 29. Rab1 g6 30. Kf2 Rd7 31. Ke3 Rc7 32. g3 Ka7 33. h4 Na6 34.
Rb2 h5 35. Rdb1 Nc5 36. Kd4 Ba6 37. Rb4 Be2 38. Ke3 Ba6 39. Kd2 Bc4 40. Rb6 Nd7
41. a5 Nc5 42. Ke3 Ba6 43. Kd4 Nd7 44. Bd3 Bc8 45. Rd6 Nc5 46. Rbb6 Bb7 47. a6
Ba8 48. Rb4 Nd7 49. Bb5 Nc5 50. Be8 Re7 51. Kxc5 Rxe8 52. Rd7+ 1-0

[Event "London Classic Open 2014"]
[Site "London ENG"]
[Date "2014.12.12"]
[Round "5.78"]
[White "Nordstrom, Hakon N"]
[Black "Coleman, David J"]
[Result "0-1"]
[BlackTitle "CM"]
[WhiteElo "1836"]
[BlackElo "2253"]
[WhiteFideId "1513710"]
[BlackFideId "402087"]
[EventDate "2014.12.08"]

1. e4 c5 2. Nf3 d6 3. d4 cxd4 4. Nxd4 Nf6 5. Nc3 a6 6. f3 e6 7. Be3 b5 8. Qd2
Bb7 9. Be2 Nbd7 10. O-O-O Nb6 11. g4 Nfd7 12. h4 Rc8 13. g5 b4 14. Nb1 d5 15. f4
Nc5 16. e5 Nc4 17. Bxc4 dxc4 18. Rhf1 Qa5 19. Nb3 Nd3+ 20. cxd3 cxb3+ 21. Nc3
Qxa2 0-1

[Event "London Classic Open 2014"]
[Site "London ENG"]
[Date "2014.12.12"]
[Round "5.79"]
[White "Quinn, John M"]
[Black "De Lagontrie, Jean"]
[Result "1-0"]
[WhiteElo "2131"]
[BlackElo "1802"]
[WhiteFideId "405043"]
[BlackFideId "605271"]
[EventDate "2014.12.08"]

1. d4 d5 2. c4 e6 3. Nc3 c6 4. Nf3 dxc4 5. a4 Bb4 6. e4 b5 7. Be2 Nf6 8. Qc2 Bb7
9. e5 Nd5 10. O-O Nxc3 11. bxc3 Be7 12. Nd2 a6 13. Bf3 Qc7 14. Ba3 O-O 15. Bxe7
Qxe7 16. Ne4 c5 17. Nxc5 Bxf3 18. gxf3 Nd7 19. Nxd7 Qxd7 20. Qe4 Qd5 21. Rfb1 h6
22. Qxd5 exd5 23. axb5 axb5 24. Rxa8 Rxa8 25. Rxb5 Ra3 26. Rxd5 Rxc3 27. Rc5
Rc1+ 28. Kg2 c3 29. d5 c2 30. d6 Kh7 31. f4 Kg6 32. Rc7 h5 33. h4 Kf5 34. Rxf7+
Ke4 35. Rc7 Kxf4 36. e6 1-0

[Event "London Classic Open 2014"]
[Site "London ENG"]
[Date "2014.12.12"]
[Round "5.80"]
[White "Clark, Ian C"]
[Black "Grey, Nicholas D"]
[Result "1-0"]
[WhiteElo "2053"]
[BlackElo "1766"]
[WhiteFideId "407682"]
[BlackFideId "415448"]
[EventDate "2014.12.08"]

1. e4 c5 2. Nf3 d6 3. d4 cxd4 4. Nxd4 Nf6 5. Nc3 g6 6. Be3 Bg7 7. Be2 O-O 8. O-O
Nc6 9. Qd2 Bd7 10. Rad1 Rc8 11. Nxc6 Bxc6 12. e5 Ne4 13. Nxe4 Bxe4 14. exd6 Qxd6
15. Qxd6 exd6 16. c3 a5 17. Rxd6 Be5 18. Rd2 Rfe8 19. Bb5 Red8 20. Rfd1 Rxd2 21.
Rxd2 Bc6 22. Bxc6 Rxc6 23. g3 h5 24. Rd5 Bc7 25. Rb5 b6 26. Kg2 f6 27. Rd5 Bd6
28. Kf3 Kf7 29. Rb5 Bc7 30. Ke2 Ke6 31. Kd3 Rd6+ 32. Kc4 Rc6+ 33. Kb3 Bd8 34. a4
Bc7 35. c4 h4 36. c5 bxc5 37. Bxc5 hxg3 38. hxg3 g5 39. Be3 Bd8 40. g4 Bc7 41.
Bd2 Rb6 42. Kc4 Rc6+ 43. Rc5 Kd7 44. Rxc6 Kxc6 45. Bc3 Be5 46. Bxe5 fxe5 47. f3
Kb6 48. b4 1-0

[Event "London Classic Open 2014"]
[Site "London ENG"]
[Date "2014.12.12"]
[Round "5.81"]
[White "Wandowicz, Kajetan"]
[Black "Cannon, Richard J"]
[Result "0-1"]
[WhiteElo "1741"]
[BlackElo "2041"]
[WhiteFideId "1169777"]
[BlackFideId "408670"]
[EventDate "2014.12.08"]

1. a3 c6 2. c4 Nf6 3. Nf3 d5 4. e3 Bg4 5. Be2 Nbd7 6. O-O e6 7. cxd5 cxd5 8. d3
Qc7 9. Nbd2 Be7 10. b3 O-O 11. Bb2 Rac8 12. Rc1 Qb8 13. Rxc8 Rxc8 14. Qa1 Rc2
15. Bd1 Rc8 16. Ne5 Bxd1 17. Rxd1 Nc5 18. b4 Na4 19. Bd4 Ne8 20. f4 f6 21. Ng4
h5 22. Nf2 Nd6 23. Nf1 Nb5 24. Ng3 h4 25. Ne2 Rc2 26. Re1 Kf7 27. Ng4 Qc7 28. h3
a5 29. Kf1 Rd2 30. Rc1 Rc2 31. Rd1 Rxe2 32. Kxe2 Nac3+ 33. Kd2 Nxd1 34. Kxd1
axb4 35. axb4 Bxb4 36. Bxf6 Nc3+ 37. Bxc3 Bxc3 38. Qa4 Bf6 39. Qb5 b6 40. f5 Qd6
41. fxe6+ Qxe6 42. Ke2 Be7 43. Qa4 Bg5 44. Qd4 Be7 45. Ne5+ Kg8 46. Nf3 Bf6 47.
Qf4 Qc8 48. Qa4 Qd8 49. Qg4 Qc7 50. Qe6+ Kh8 51. Qe8+ Kh7 52. Qh5+ Kg8 53. Qxd5+
Kf8 54. Qc4 Qg3 55. Qg4 Qc7 56. Qb4+ Ke8 57. Nd4 Bxd4 58. Qxd4 Qc2+ 59. Kf3 Qd1+
60. Ke4 b5 61. Qe5+ Kf7 62. Qxb5 Qe2 63. Qd7+ Kg8 64. Qd8+ Kf7 65. Qc7+ Kg8 66.
Qc8+ Kh7 67. Qg4 Qe1 68. d4 Qb1+ 69. Ke5 Qb8+ 70. Ke4 Qb1+ 71. Kf4 Qf1+ 72. Qf3
Qc4 73. Qh5+ Kg8 74. Qxh4 Qc7+ 75. Kf3 Qf7+ 76. Qf4 Qh5+ 77. Qg4 Qd5+ 78. Kf4
Qd6+ 79. Ke4 Qc6+ 80. d5 Qc4+ 81. Ke5 Qc7+ 82. Ke6 Qc8+ 83. Kd6 Qb8+ 84. Ke7
Qa7+ 85. Qd7 Qa3+ 86. d6 Kh7 87. e4 Qg3 88. Qf5+ Kh8 89. Qh5+ Kg8 90. d7 Qa3+
91. Ke6 Qa6+ 92. Ke7 Qf6+ 93. Ke8 Qf8# 0-1

[Event "London Classic Open 2014"]
[Site "London ENG"]
[Date "2014.12.12"]
[Round "5.82"]
[White "Van Zyl-Rudd, Jack"]
[Black "Jyothilal, N."]
[Result "0-1"]
[WhiteElo "1564"]
[BlackElo "2031"]
[WhiteFideId "14310929"]
[BlackFideId "5002605"]
[EventDate "2014.12.08"]

1. d4 Nf6 2. c4 g6 3. f3 d5 4. cxd5 Nxd5 5. e4 Nb6 6. Nc3 Bg7 7. Be3 O-O 8. Qd2
Nc6 9. O-O-O f5 10. e5 Nb4 11. Kb1 Be6 12. Nh3 N4d5 13. Ng5 Nxc3+ 14. Qxc3 Bd5
15. Be2 e6 16. h4 Rc8 17. Nh3 c5 18. Bg5 cxd4 19. Bxd8 dxc3 20. Be7 c2+ 0-1

[Event "London Classic Open 2014"]
[Site "London ENG"]
[Date "2014.12.12"]
[Round "5.83"]
[White "Iyengar, Ilya"]
[Black "Chilton, James I"]
[Result "1-0"]
[WhiteElo "2002"]
[BlackElo "1763"]
[WhiteFideId "405949"]
[BlackFideId "423009"]
[EventDate "2014.12.08"]

1. d4 Nf6 2. Nf3 g6 3. g3 Bg7 4. Bg2 O-O 5. c4 e6 6. O-O d5 7. Nc3 c5 8. dxc5
Nc6 9. Be3 Ng4 10. Bg5 f6 11. cxd5 Nb4 12. Bf4 Nxd5 13. Nxd5 Qxd5 14. Qxd5 exd5
15. Nd4 Ne5 16. Bxd5+ Kh8 17. Rfd1 g5 18. Bxe5 fxe5 19. Nb5 a6 20. Nd6 h6 21.
Bxb7 Bxb7 22. Nxb7 e4 23. Rab1 Rac8 24. b4 Be5 25. Rd7 Kg8 26. a4 g4 27. b5 h5
28. c6 h4 29. Rbd1 hxg3 30. hxg3 e3 31. fxe3 Bxg3 32. Rd8 Bf2+ 33. Kg2 g3 34.
Rxf8+ Rxf8 35. c7 Kg7 36. Rd8 Be1 37. Rxf8 1-0

[Event "London Classic Open 2014"]
[Site "London ENG"]
[Date "2014.12.12"]
[Round "5.85"]
[White "Wood, Peter R"]
[Black "Cavendish, Joshua Z"]
[Result "0-1"]
[WhiteElo "1941"]
[BlackElo "1747"]
[WhiteFideId "422215"]
[BlackFideId "418005"]
[EventDate "2014.12.08"]

1. e4 c6 2. d4 d5 3. exd5 cxd5 4. c4 Nf6 5. Nc3 Nc6 6. Nf3 Bg4 7. Qa4 Bxf3 8.
gxf3 e6 9. Be3 Be7 10. cxd5 Nxd5 11. Nxd5 Qxd5 12. Bb5 Rc8 13. Rc1 Qxf3 14.
Bxc6+ Rxc6 15. Rf1 O-O 16. Rxc6 bxc6 17. a3 Qe4 18. Kd2 e5 19. Kc1 c5 20. Qxa7
cxd4 21. Bd2 Rc8+ 22. Kd1 Qb1+ 0-1

[Event "London Classic Open 2014"]
[Site "London ENG"]
[Date "2014.12.12"]
[Round "5.86"]
[White "Basson, Heinrich"]
[Black "Kouchak, Jason"]
[Result "1-0"]
[WhiteElo "1899"]
[BlackElo "1720"]
[WhiteFideId "14301440"]
[BlackFideId "26011379"]
[EventDate "2014.12.08"]

1. d4 d5 2. c4 Nf6 3. Nc3 c6 4. Nf3 e6 5. Bg5 Nbd7 6. e3 Bd6 7. Bd3 h6 8. Bh4 g5
9. Bg3 Be7 10. h3 Qa5 11. Nd2 Bb4 12. Qb3 O-O 13. O-O Re8 14. Nf3 g4 15. hxg4
Nxg4 16. e4 Bxc3 17. Qxc3 Qxc3 18. bxc3 dxe4 19. Bxe4 f5 20. Bc2 Nf8 21. Rfe1
Bd7 22. a4 Kf7 23. c5 b6 24. Bd6 Nh7 25. Rab1 b5 26. Bd3 a6 27. c4 bxc4 28. Bxc4
Nhf6 29. Nh4 Nd5 30. Rb7 Ngf6 31. Nf3 Kg8 32. Ne5 Bc8 33. Rb2 a5 34. Nxc6 Ba6
35. Bb5 Bxb5 36. Rxb5 Nc3 37. Rb7 Nfd5 38. Be5 Nxa4 39. Ra1 Nac3 40. Rxa5 Rxa5
41. Nxa5 Ra8 42. Nc4 Ra4 43. Nb6 Nxb6 44. Rxb6 Ne2+ 45. Kh2 Nxd4 46. Bxd4 Rxd4
47. Rxe6 Kg7 48. Rd6 Rc4 49. c6 h5 50. Kg3 Rg4+ 51. Kf3 Rc4 52. g3 Kf7 53. Ke3
Ke7 54. Rh6 Rc5 55. Kf4 Kd8 56. Rxh5 Rxc6 57. Rxf5 Ke7 58. Kg5 Rc1 59. f4 Rg1
60. g4 Rg2 61. Rb5 Kf7 62. f5 Rg1 63. Rb7+ Kf8 64. f6 Rg2 65. Kh5 1-0

[Event "London Classic Open 2014"]
[Site "London ENG"]
[Date "2014.12.12"]
[Round "5.87"]
[White "Slade, Theodore"]
[Black "Ali, Niall"]
[Result "1-0"]
[WhiteElo "1869"]
[BlackElo "1553"]
[WhiteFideId "426547"]
[BlackFideId "430528"]
[EventDate "2014.12.08"]

1. d4 Nf6 2. c4 Nc6 3. Nf3 e6 4. Nc3 Bb4 5. a3 Bxc3+ 6. bxc3 d6 7. Qc2 e5 8. e4
O-O 9. d5 Ne7 10. h3 Ng6 11. Bd3 Nxe4 12. Bxe4 f5 13. Ng5 fxe4 14. Nxe4 Bf5 15.
Qe2 Nf4 16. Bxf4 Bxe4 17. Qxe4 Rxf4 18. Qe2 Qf6 19. O-O Rf8 20. Rab1 b6 21. Rb2
a5 22. Re1 Qh4 23. Qf1 Re4 24. Rxe4 Qxe4 25. g3 Rf3 26. c5 dxc5 27. Qa6 Qxd5 28.
Qc8+ Rf8 29. Qxc7 Qd1+ 30. Kh2 Qe1 31. Kg2 Qxc3 32. Qxb6 Qf3+ 33. Kg1 Qxa3 34.
Qe6+ Kh8 35. Qe7 Rg8 36. Qxe5 Qa1+ 37. Kg2 a4 38. Qe2 Qa3 39. Rb7 Qc3 40. Qb5
Qe5 41. Ra7 Qd5+ 42. Kg1 Ra8 43. Qd7 1-0

[Event "London Classic Open 2014"]
[Site "London ENG"]
[Date "2014.12.12"]
[Round "5.90"]
[White "Shah, Dipak K"]
[Black "Haddock, Paul"]
[Result "0-1"]
[WhiteElo "1873"]
[BlackElo "1648"]
[WhiteFideId "425842"]
[BlackFideId "419150"]
[EventDate "2014.12.08"]

1. d4 Nf6 2. c4 g6 3. Nc3 Bg7 4. e4 d6 5. Bd3 O-O 6. Nf3 e5 7. d5 a5 8. O-O Na6
9. h3 Nc5 10. Bc2 h6 11. Be3 b6 12. a3 a4 13. Bxc5 bxc5 14. Bxa4 Nh5 15. Bc6 Rb8
16. Rb1 f5 17. b4 cxb4 18. Rxb4 Rxb4 19. axb4 Qf6 20. Nd2 f4 21. Nf3 Bh8 22. Nb5
Qe7 23. Qa4 g5 24. Nh2 f3 25. g4 Nf4 26. Nxf3 Nxh3+ 27. Kg2 Nf4+ 28. Kg3 Ne2+
29. Kg2 Bxg4 30. Nh2 Nf4+ 31. Kh1 Bh3 32. Qa7 Bxf1 33. Nxf1 Qf7 34. Ng3 Ne2 35.
Nf5 Qh5+ 36. Kg2 Nf4+ 37. Kg1 Qg4+ 38. Ng3 Nh3+ 39. Kg2 h5 40. Nxc7 h4 41. Ne6
Rxf2+ 42. Qxf2 Nxf2 43. Kxf2 Qxg3+ 0-1

[Event "London Classic Open 2014"]
[Site "London ENG"]
[Date "2014.12.12"]
[Round "5.91"]
[White "Anbukumar, Hajane"]
[Black "Wong, Shyun Fwu Aldrin"]
[Result "1-0"]
[WhiteElo "1845"]
[BlackElo "1652"]
[WhiteFideId "428647"]
[BlackFideId "5806500"]
[EventDate "2014.12.08"]

1. e4 e5 2. Nc3 Nf6 3. f4 d5 4. fxe5 Nxe4 5. Nf3 Be7 6. g3 O-O 7. Bg2 Bg4 8. Qe2
Nc6 9. Nxe4 dxe4 10. Qxe4 Bxf3 11. Bxf3 Bc5 12. d3 Nxe5 13. Bf4 Nxf3+ 14. Qxf3
Re8+ 15. Kd2 Qf6 16. c3 g5 17. Qg4 Be3+ 18. Bxe3 Rxe3 19. Kxe3 Re8+ 20. Kd2 Qf2+
21. Kd1 h6 22. Rc1 Re3 23. Rc2 Rxd3+ 24. Kc1 Qe3+ 25. Kb1 Qe5 26. Rf1 Re3 27.
Rd1 Re4 28. Qc8+ Kg7 29. Qxb7 Qf5 30. Qxa7 Re2 31. Qd4+ Kg8 32. Qd3 1-0

[Event "London Classic Open 2014"]
[Site "London ENG"]
[Date "2014.12.12"]
[Round "5.92"]
[White "Lie, Terje"]
[Black "Kebbedies, Frank"]
[Result "0-1"]
[WhiteElo "1593"]
[BlackElo "1803"]
[WhiteFideId "1504916"]
[BlackFideId "24606944"]
[EventDate "2014.12.08"]

1. d4 Nf6 2. c4 e6 3. Nf3 Bb4+ 4. Bd2 Qe7 5. a3 Bxd2+ 6. Nbxd2 O-O 7. e3 d6 8.
Be2 b6 9. O-O Bb7 10. Rc1 c5 11. Qc2 Nbd7 12. Ng5 h6 13. Nge4 Nxe4 14. Nxe4 cxd4
15. exd4 Rac8 16. Qd3 Ba6 17. Qe3 Bb7 18. Rfd1 f5 19. Nc3 f4 20. Qd3 f3 21. gxf3
Rf4 22. Ne4 Rcf8 23. d5 Ne5 24. Qd2 exd5 25. cxd5 Nxf3+ 26. Bxf3 Rxf3 27. Re1
Qf7 28. Rcd1 Bc8 29. Re2 Qh5 30. Ng3 Qh3 31. Qe1 Bg4 32. Rdd2 R3f6 33. Re3 Bf3
34. Qf1 Qg4 35. b4 h5 36. Red3 h4 37. Rd4 Rf4 38. Rxf4 Qxf4 39. Qe1 hxg3 40.
Qe6+ 0-1

[Event "London Classic Open 2014"]
[Site "London ENG"]
[Date "2014.12.12"]
[Round "5.96"]
[White "Inglese, Guido"]
[Black "Fixmer, Eric"]
[Result "0-1"]
[WhiteElo "1619"]
[BlackElo "1686"]
[WhiteFideId "821250"]
[BlackFideId "4004469"]
[EventDate "2014.12.08"]

1. d4 Nf6 2. Nf3 g6 3. Bf4 Bg7 4. Nc3 O-O 5. e4 d6 6. Qd2 c6 7. Be2 b5 8. h3 b4
9. Na4 Qa5 10. b3 Nxe4 11. Qe3 f5 12. Bh6 Nd7 13. Bxg7 Kxg7 14. Ng5 Ndf6 15. Qf4
e5 16. dxe5 dxe5 17. Qh4 Nxg5 18. Qxg5 Be6 19. Nb2 h6 20. Qc1 Rad8 21. O-O Rd7
22. Bc4 Bd5 23. Qe3 Re8 24. Rfe1 Ne4 25. f3 Nf6 26. Nd3 Bxc4 27. bxc4 e4 28.
fxe4 Rxe4 29. Qf2 Rde7 30. Rxe4 Rxe4 31. c5 Qb5 32. Rb1 a5 33. a3 Qa4 34. axb4
axb4 35. Qd2 Nd5 36. Kh2 Qa2 37. Rb3 Qa1 38. Nxb4 Qe5+ 39. Rg3 Rxb4 40. c3 Rc4
41. Qa2 Rxc3 42. Qa7+ Kf6 43. Qa1 Qxg3+ 44. Kh1 Nf4 0-1

[Event "London Classic Open 2014"]
[Site "London ENG"]
[Date "2014.12.13"]
[Round "6.1"]
[White "Lenderman, Aleksandr"]
[Black "Dragun, Kamil"]
[Result "0-1"]
[WhiteTitle "GM"]
[BlackTitle "GM"]
[WhiteElo "2608"]
[BlackElo "2547"]
[WhiteFideId "2021285"]
[BlackFideId "1134167"]
[EventDate "2014.12.08"]

1. Nf3 d5 2. d4 Nf6 3. c4 e6 4. Nc3 Bb4 5. Bg5 h6 6. Bxf6 Qxf6 7. Qa4+ Nc6 8. e3
O-O 9. Be2 dxc4 10. O-O a6 11. Bxc4 Bd7 12. Qc2 Bd6 13. Rfd1 Rfe8 14. Rac1 Rac8
15. a3 Qe7 16. Bd3 e5 17. d5 Na7 18. Bf5 Nb5 19. Nxb5 axb5 20. Bxd7 Qxd7 21. Nd2
f5 22. e4 f4 23. Qd3 Ra8 24. Rc2 Ra4 25. Rdc1 Rea8 26. Qe2 Kh7 27. h3 R8a6 28.
Nb3 b4 29. axb4 Rxb4 30. Nd2 b5 31. Qh5 g6 32. Qe2 h5 33. Nf3 Kh6 34. h4 Qg4 35.
Rxc7 Bxc7 36. Rxc7 Ra1+ 37. Kh2 Rd4 38. Ra7 Rb1 39. Re7 Rdd1 40. Qxd1 Rxd1 41.
Rxe5 Qc8 42. Re7 Qc1 43. Ng5 Rh1# 0-1

[Event "London Classic Open 2014"]
[Site "London ENG"]
[Date "2014.12.13"]
[Round "6.2"]
[White "Stopa, Jacek"]
[Black "Fier, Alexandr"]
[Result "1/2-1/2"]
[WhiteTitle "IM"]
[BlackTitle "GM"]
[WhiteElo "2521"]
[BlackElo "2592"]
[WhiteFideId "1119591"]
[BlackFideId "2107139"]
[EventDate "2014.12.08"]

1. d4 Nf6 2. c4 g6 3. f3 Bg7 4. e4 O-O 5. Nc3 d6 6. Nge2 Nc6 7. Be3 a6 8. Qd2
Bd7 9. Nc1 e5 10. d5 Nd4 11. N1e2 Nxe2 12. Bxe2 Ne8 13. O-O f5 14. exf5 Bxf5 15.
g4 Bd7 16. Bd3 Nf6 17. Ne4 Nxe4 1/2-1/2

[Event "London Classic Open 2014"]
[Site "London ENG"]
[Date "2014.12.13"]
[Round "6.3"]
[White "Bluebaum, Matthias"]
[Black "Bai, Jinshi"]
[Result "1/2-1/2"]
[WhiteTitle "IM"]
[BlackTitle "IM"]
[WhiteElo "2560"]
[BlackElo "2444"]
[WhiteFideId "24651516"]
[BlackFideId "8602280"]
[EventDate "2014.12.08"]

1. d4 Nf6 2. c4 g6 3. Nc3 d5 4. cxd5 Nxd5 5. e4 Nxc3 6. bxc3 Bg7 7. Nf3 c5 8. h3
O-O 9. Be2 b6 10. O-O Bb7 11. Qd3 Ba6 12. Qe3 Bxe2 13. Qxe2 Qc7 14. Bg5 e6 15.
Qe3 Re8 16. Bh6 Bh8 17. Bf4 Qe7 18. Ne5 Rc8 19. Rad1 cxd4 20. cxd4 Nd7 21. Bg5
Qe8 22. Qf4 Bg7 23. Ng4 h5 24. Nh6+ Bxh6 25. Bxh6 Rc4 26. Qd6 Rac8 27. d5 Kh7
28. Bg5 exd5 29. Rxd5 Nc5 30. Re5 Ne6 31. Bf6 R4c6 32. Qd1 Rc5 33. Rxc5 Nxc5 34.
f3 Qe6 35. Bb2 Qd7 36. Qxd7 Nxd7 37. Rd1 Nf8 38. Bf6 Ne6 39. h4 Kg8 40. Be5 Rd8
41. Rxd8+ Nxd8 42. Kf2 Nc6 43. Bc3 Kf8 44. g4 Ke7 45. gxh5 gxh5 46. Ke3 Ke6 47.
Kf4 f6 48. Ke3 b5 49. Be1 a6 50. Bc3 a5 51. Be1 b4 52. f4 f5 53. Kd3 a4 54. Bd2
b3 55. axb3 axb3 56. exf5+ Kxf5 57. Kc3 Nd4 58. Be3 Nf3 59. Kxb3 Nxh4 60. Kc2
Ng2 61. Kd2 Ke4 62. Bb6 h4 63. f5 Kxf5 64. Ke2 Kg4 65. Kf2 Nf4 66. Bc7 Nd3+ 67.
Ke2 Nf4+ 68. Bxf4 Kxf4 69. Kf2 h3 70. Kg1 Kg3 71. Kh1 h2 1/2-1/2

[Event "London Classic Open 2014"]
[Site "London ENG"]
[Date "2014.12.13"]
[Round "6.4"]
[White "Wagner, Dennis"]
[Black "Tkachiev, Vladislav"]
[Result "0-1"]
[WhiteTitle "IM"]
[BlackTitle "GM"]
[WhiteElo "2488"]
[BlackElo "2629"]
[WhiteFideId "24650684"]
[BlackFideId "618438"]
[EventDate "2014.12.08"]

1. d4 Nf6 2. c4 e6 3. Nf3 Bb4+ 4. Nbd2 O-O 5. a3 Be7 6. e4 d6 7. Bd3 Nbd7 8. O-O
c5 9. b4 cxd4 10. Nxd4 Ne5 11. Bc2 Bd7 12. Qe2 Rc8 13. Bb2 Qc7 14. Rac1 Ng6 15.
Bb3 Rfd8 16. Nb1 a6 17. Kh1 b6 18. Nc3 Qb7 19. f4 e5 20. fxe5 dxe5 21. Nf3 Rf8
22. Nd5 Nxd5 23. exd5 Bg4 24. h3 Bxf3 25. Qxf3 Bd6 26. Qe4 a5 27. Bc3 axb4 28.
axb4 Qe7 29. Qe1 e4 30. Rc2 Nf4 31. Qg3 Nh5 32. Qg4 Ng3+ 33. Kg1 f5 34. Qd1 Nxf1
35. Qxf1 Bxb4 36. Ba1 Bc5+ 37. Kh1 Ra8 38. Qb1 f4 39. Re2 f3 40. Rxe4 Rxa1 0-1

[Event "London Classic Open 2014"]
[Site "London ENG"]
[Date "2014.12.13"]
[Round "6.5"]
[White "Naroditsky, Daniel"]
[Black "Williams, Simon K"]
[Result "1-0"]
[WhiteTitle "GM"]
[BlackTitle "GM"]
[WhiteElo "2620"]
[BlackElo "2443"]
[WhiteFideId "2026961"]
[BlackFideId "404454"]
[EventDate "2014.12.08"]

1. e4 c5 2. Nf3 e6 3. d4 cxd4 4. Nxd4 Nc6 5. Nb5 d6 6. c4 a6 7. N5c3 Nf6 8. Be2
Be7 9. O-O O-O 10. Be3 e5 11. Re1 Be6 12. Nd2 Nd7 13. Nf3 Nc5 14. h3 Kh8 15. Bf1
a5 16. Nd5 b6 17. b3 Qb8 18. Nxe7 Nxe7 19. Ng5 h6 20. Qh5 Kg8 21. Nxe6 Nxe6 22.
Rad1 Qc7 23. Be2 Nf4 24. Qg4 f5 25. exf5 Nxe2+ 26. Rxe2 Nxf5 27. Qe4 Rac8 28.
Red2 a4 29. Rd3 Kh8 30. Bc1 axb3 31. axb3 Rf6 32. g4 Nd4 33. g5 hxg5 34. Bxg5
Rf7 35. Rxd4 exd4 36. Rxd4 Qc5 37. Be3 Qh5 38. Rxd6 b5 39. Rd5 Qxh3 40. Qg6 Kg8
41. Rh5 Qf3 42. Qh7+ Kf8 43. Re5 Qg4+ 44. Kh2 Rf3 45. Rg5 Qd7 46. Qh8+ Ke7 47.
Qxg7+ Rf7 48. Re5+ Kd8 49. Bb6+ 1-0

[Event "London Classic Open 2014"]
[Site "London ENG"]
[Date "2014.12.13"]
[Round "6.6"]
[White "Arkell, Keith C"]
[Black "Socko, Bartosz"]
[Result "0-1"]
[WhiteTitle "GM"]
[BlackTitle "GM"]
[WhiteElo "2489"]
[BlackElo "2617"]
[WhiteFideId "400270"]
[BlackFideId "1107038"]
[EventDate "2014.12.08"]

1. Nf3 Nf6 2. c4 g6 3. Nc3 Bg7 4. d4 d6 5. g3 O-O 6. Bg2 Nc6 7. O-O Bg4 8. d5
Na5 9. Nd2 c5 10. Rb1 a6 11. a3 Qc7 12. b3 Rab8 13. Bb2 b5 14. h3 Bd7 15. Qc2 e5
16. dxe6 Bxe6 17. Nce4 Nxe4 18. Nxe4 bxc4 19. Bxg7 Kxg7 20. Qc3+ f6 21. b4 Nb3
22. Rfd1 d5 23. Ng5 Bg8 24. Bxd5 Nd4 25. Bxc4 Qe5 0-1

[Event "London Classic Open 2014"]
[Site "London ENG"]
[Date "2014.12.13"]
[Round "6.7"]
[White "Houska, Jovanka"]
[Black "Hawkins, Jonathan"]
[Result "1/2-1/2"]
[WhiteTitle "IM"]
[BlackTitle "IM"]
[WhiteElo "2388"]
[BlackElo "2552"]
[WhiteFideId "405094"]
[BlackFideId "412686"]
[EventDate "2014.12.08"]

1. d4 Nf6 2. Nf3 d5 3. c4 e6 4. Nc3 Bb4 5. Bg5 Nbd7 6. cxd5 exd5 7. Qc2 c5 8.
dxc5 h6 9. Bd2 Bxc5 10. e3 O-O 11. Bd3 a6 12. O-O Bd6 13. Ne2 Re8 14. Bc3 Nc5
15. Bf5 Nce4 16. Bxc8 Rxc8 17. Qb3 b5 18. Rad1 Rc4 19. Bd4 Qd7 20. Qd3 Qg4 21.
b3 Rcc8 22. Bxf6 Nxf6 23. a4 Qd7 24. Nc3 bxa4 25. Nxa4 Qb7 26. Nd4 g6 27. Rc1
Ng4 28. g3 Ne5 29. Qe2 Nc6 30. Nxc6 Rxc6 31. Rxc6 Qxc6 32. Rd1 Rb8 33. Rd3 Be5
34. h4 h5 35. Qd1 Rb5 36. Kh2 Kg7 37. Kg1 Kg8 1/2-1/2

[Event "London Classic Open 2014"]
[Site "London ENG"]
[Date "2014.12.13"]
[Round "6.8"]
[White "Chirila, Ioan-Cristian"]
[Black "Sowray, Peter J"]
[Result "1-0"]
[WhiteTitle "GM"]
[BlackTitle "FM"]
[WhiteElo "2547"]
[BlackElo "2365"]
[WhiteFideId "1211668"]
[BlackFideId "400971"]
[EventDate "2014.12.08"]

1. d4 e6 2. c4 Bb4+ 3. Nd2 c5 4. a3 Bxd2+ 5. Qxd2 cxd4 6. Nf3 Nf6 7. Qxd4 Nc6 8.
Qc3 O-O 9. b4 b6 10. Bb2 Bb7 11. e3 d6 12. Be2 Rc8 13. O-O Qe7 14. Rfd1 e5 15.
a4 Ne4 16. Qb3 a5 17. bxa5 bxa5 18. Ba3 Nc5 19. Qb5 e4 20. Nd4 Nxd4 21. exd4 Bc6
22. dxc5 Bxb5 23. cxd6 Qe5 24. axb5 Rfd8 25. b6 Qc3 26. c5 Rxc5 27. Bxc5 Qxc5
28. b7 Qa7 29. Rab1 Kf8 30. Rdc1 Qb8 31. d7 Ke7 32. Rc8 Kxd7 33. Bg4+ 1-0

[Event "London Classic Open 2014"]
[Site "London ENG"]
[Date "2014.12.13"]
[Round "6.9"]
[White "Vakhidov, Jahongir"]
[Black "Webb, Matthew D"]
[Result "1-0"]
[WhiteTitle "GM"]
[WhiteElo "2502"]
[BlackElo "2141"]
[WhiteFideId "14201801"]
[BlackFideId "418250"]
[EventDate "2014.12.08"]

1. d4 Nf6 2. c4 g6 3. g3 d5 4. cxd5 Qxd5 5. Nf3 Bg7 6. Bg2 O-O 7. Nc3 Qa5 8. O-O
c6 9. e4 Be6 10. h3 Rd8 11. Bd2 Qh5 12. e5 Bxh3 13. Bxh3 Qxh3 14. exf6 Bxf6 15.
Qe2 Na6 16. Rad1 Nc7 17. Rfe1 Ne6 18. Be3 Nc7 19. Ng5 Qf5 20. Qf3 Qxf3 21. Nxf3
e6 22. Ne4 Be7 23. Nc5 b6 24. Nd3 Nd5 25. Rc1 Rac8 26. Re2 Rc7 27. Rec2 Rdc8 28.
Bd2 f6 29. Nf4 Kf7 30. Nxd5 exd5 31. Bf4 c5 32. Bxc7 Rxc7 33. dxc5 bxc5 34. Rd1
Rd7 35. b4 cxb4 36. Rcd2 Ke6 37. Nd4+ Kf7 38. Nc6 1-0